000 00691nam a2200229 i 4500
001 C2-0223762
003 PPAK
005 20180728152524.0
008 000305s1976 my a|||| ||||| | may d
040 _aPPAK
_beng
_cPPAK
_erda
082 0 4 _a297.122
_223
090 0 0 _a297.122
_bPER
_dKWI
245 0 0 _aPertandingan membaca Al-Quran Negeri Kedah (1976 : AlorSetar)
264 1 _aAlor Setar, Kedah :
_b[publisher not identified] ,
_c1976
300 _billustrations ;
_c25 cm
336 _2rdacontent
_atext
337 _2rdamedia
_aunmediated
338 _2rdacarrier
_avolume
500 _aBuku cenderamata ; Teks dalam tulisan jawi
650 1 0 _aKoran - Recitation
942 _ddc
_cB
999 _c144839
_d144839